00725cam a22002057a 4500003000500000005001700005008004100022010000900063011000900072035000900081040000900090100003900099245013100138260004000269300001800309502010900327650003500436650003000471650001800501CHAP20220329133246.0971013s1991 r 00010 d a4035 a5007 a4213 cCHAP00aPérez Mejía, Federico Armando. 0aControl de calidad de la reproducción masiva de Trichogramma spp. (HyM.: Trichogrammatidae) y su impacto en la metodología aChapingo, Méx. :bEl autor,c1991 a69 h.b: ilus aTesis (Ing. Agr. Esp. en Parasitología Agrícola) -- UACH. Departamento de Parasitología Agrícola14aControl biológico de plagas.14aInsectosxReproducción.14aTrichogramma.